000 00675cam a2200193 4500500
005 20260111080202.0
041 _afre
042 _adc
100 1 0 _aOliva, Éric
_eauthor
245 0 0 _aLa conception de l’autonomie financière locale quel contenu ? Quelle effectivité ?
260 _c2017.
500 _a30
690 _aautonomie budgétaire
690 _aautonomie financière
690 _aautonomie fiscale
690 _afinances locales
786 0 _nGestion & Finances Publiques | 2 | 2 | 2017-01-30 | p. 13-24 | 1969-1009
856 4 1 _uhttps://droit.cairn.info/revue-gestion-et-finances-publiques-2017-2-page-13?lang=fr&redirect-ssocas=7080
999 _c1615987
_d1615987